[Event "M.Chigorin Memorial 2014"]
[Site "St. Petersburg"]
[Date "2014.10.26"]
[Round "9.158"]
[White "Voronenkov, Sergey"]
[Black "Isaev, Vasily"]
[Result "1-0"]
[WhiteElo "1950"]
[BlackElo "1749"]
[PlyCount "117"]
[EventDate "2014.10.18"]

1. e4 e5 2. Nf3 Nc6 3. Bb5 a6 4. Ba4 Nf6 5. O-O Be7 6. Re1 b5 7. Bb3 O-O 8. h3
Bb7 9. d3 d6 10. a3 h6 11. Nbd2 Re8 12. Nf1 Bf8 13. Ne3 g6 14. Nh2 Nd4 15. Ba2
Ne6 16. Nhg4 Nxg4 17. Qxg4 Kh7 18. c3 Bg7 19. b4 c6 20. Bb3 h5 21. Qf3 Nf4 22.
Nf1 c5 23. d4 cxd4 24. cxd4 f5 25. d5 fxe4 26. Qxe4 Rf8 27. Ra2 Ne6 28. Bd1 Nf4
29. Ne3 Rc8 30. Rc2 Rxc2 31. Bxc2 Qf6 32. Kh2 Ne6 33. Qd3 Nd4 34. Bb1 Qf4+ 35.
Kh1 Qf6 36. Bb2 Bc8 37. Bxd4 exd4 38. Nd1 Bf5 39. Qb3 d3 40. Bxd3 Bxd3 41. Qxd3
Qa1 42. Re6 Rf6 43. g3 Rxe6 44. dxe6 Qe5 45. Qe3 Qxe3 46. Nxe3 Kg8 47. Nd5 Bb2
48. Kg2 Bxa3 49. Kf3 Kf8 50. Ke4 Bc1 51. f4 Bd2 52. g4 a5 53. bxa5 Bxa5 54. f5
b4 55. e7+ Ke8 56. fxg6 b3 57. g7 b2 58. g8=Q+ Kd7 59. e8=Q# 1-0

[Event "M.Chigorin Memorial 2014"]
[Site "St. Petersburg"]
[Date "2014.10.26"]
[Round "9.159"]
[White "Evsyukov, Aleksey"]
[Black "Panov, Konstantin"]
[Result "0-1"]
[WhiteElo "1908"]
[BlackElo "1588"]
[PlyCount "72"]
[EventDate "2014.10.18"]

1. d4 g6 2. Nf3 Bg7 3. e4 c6 4. c4 d5 5. Nc3 dxe4 6. Nxe4 Bf5 7. Ng3 Bg4 8. Be3
Bxf3 9. gxf3 Nf6 10. Qd2 O-O 11. h4 h5 12. Ne4 Nbd7 13. Rg1 e5 14. d5 cxd5 15.
cxd5 Nxe4 16. fxe4 Qxh4 17. Bd3 Nf6 18. Bg5 Qh3 19. O-O-O Ng4 20. f3 Nf6 21.
Rh1 Qc8+ 22. Kb1 Nh7 23. Be7 Re8 24. d6 Qd7 25. Rc1 Bf8 26. Rc7 Qa4 27. Bc4
Bxe7 28. Qd5 Ng5 29. dxe7 Ne6 30. Rg1 Rac8 31. Rxc8 Rxc8 32. b3 Qe8 33. Qxe5
Qxe7 34. Qxh5 Rxc4 35. bxc4 Qb4+ 36. Kc2 Qxc4+ 0-1

[Event "M.Chigorin Memorial 2014"]
[Site "St. Petersburg"]
[Date "2014.10.26"]
[Round "9.160"]
[White "Klevets, Ksenia"]
[Black "Chursina, Ada"]
[Result "1-0"]
[WhiteElo "1850"]
[BlackElo "1583"]
[PlyCount "71"]
[EventDate "2014.10.18"]

1. e4 e6 2. d4 d5 3. e5 c5 4. c3 Qb6 5. Nf3 Nc6 6. a3 Nh6 7. b4 cxd4 8. cxd4
Nf5 9. Be3 f6 10. exf6 gxf6 11. Bd3 Nxe3 12. fxe3 Bh6 13. b5 Ne7 14. Ne5 fxe5
15. Qh5+ Kd7 16. Qxh6 exd4 17. Qf6 Qa5+ 18. Nd2 dxe3 19. O-O Qxd2 20. Rad1 Qa2
21. Qxh8 e2 22. Bxe2 Qxe2 23. Rde1 Qxb5 24. Rf8 Qc5+ 25. Kh1 Qxa3 26. Qf6 Kc6
27. Rf7 Nf5 28. Ra1 Qe3 29. Qd8 Qe5 30. Rc1+ Kb5 31. Qe8+ Kb4 32. Rfc7 Qe4 33.
Qf8+ Kb3 34. R7c3+ Ka4 35. Qa3+ Kb5 36. Rb3+ 1-0

[Event "M.Chigorin Memorial 2014"]
[Site "St. Petersburg"]
[Date "2014.10.26"]
[Round "9.162"]
[White "Shilnikov, Igor S"]
[Black "Akopian, Agasi"]
[Result "1/2-1/2"]
[WhiteElo "1839"]
[BlackElo "1543"]
[PlyCount "136"]
[EventDate "2014.10.18"]

1. d4 Nf6 2. Nf3 c5 3. d5 d6 4. e3 g6 5. Be2 Bg7 6. O-O O-O 7. Nc3 a6 8. a4
Nbd7 9. Nd2 Rb8 10. e4 Nb6 11. a5 Nbd7 12. Ra3 b5 13. axb6 Qxb6 14. Nc4 Qc7 15.
Na5 Ra8 16. h3 Bb7 17. Bd3 Nb6 18. Qe2 Bc8 19. Be3 e6 20. Qf3 Nfd7 21. Qg3 Bxc3
22. bxc3 exd5 23. Bf4 Ne5 24. exd5 c4 25. Be2 Re8 26. Rfa1 Nxd5 27. Bh6 Bf5 28.
R3a2 Qc5 29. Bf1 Nf6 30. Qh4 Ne4 31. Qf4 d5 32. g4 Bc8 33. Re1 f6 34. Rxe4 dxe4
35. Qxf6 Qe7 36. Bxc4+ Nxc4 37. Qxe7 Rxe7 38. Nxc4 Be6 39. Ra4 Bxc4 40. Rxc4 a5
41. Bc1 Rb8 42. Be3 Rb2 43. Ra4 Rxc2 44. Bd4 Rc7 45. Rxa5 R2xc3 46. Bxc3 Rxc3
47. Kg2 e3 48. f3 Rc2+ 49. Kg3 Kg7 50. Ra3 Re2 51. f4 h6 52. Ra1 Kf6 53. Rh1 h5
54. Kf3 Ra2 55. Re1 Ra3 56. Rxe3 Rxe3+ 57. Kxe3 hxg4 58. hxg4 Ke7 59. Kd3 Kd7
60. Kc3 Kc7 61. g5 Kd7 62. Kd3 Ke7 63. Ke4 Ke6 64. Kf3 Ke7 65. Kg4 Kf7 66. f5
gxf5+ 67. Kxf5 Kg7 68. g6 Kg8 1/2-1/2

[Event "M.Chigorin Memorial 2014"]
[Site "St. Petersburg"]
[Date "2014.10.26"]
[Round "9.164"]
[White "Rozhnov, Valeriy"]
[Black "Stroganov, Anatoly"]
[Result "1/2-1/2"]
[WhiteElo "2069"]
[BlackElo "1789"]
[PlyCount "104"]
[EventDate "2014.10.18"]

1. d4 Nf6 2. Nf3 e6 3. Bg5 c5 4. e3 Qa5+ 5. Qd2 Qxd2+ 6. Nbxd2 cxd4 7. Nxd4 Nd5
8. O-O-O a6 9. e4 Nb4 10. a3 N4c6 11. Nc4 Be7 12. Bxe7 Kxe7 13. Nb6 Ra7 14. Nb3
d6 15. f4 Rd8 16. Be2 Nd7 17. Nxc8+ Rxc8 18. Bf3 b5 19. Rd2 Nb6 20. Kb1 a5 21.
Nd4 Nxd4 22. Rxd4 Rc4 23. Rxc4 Nxc4 24. Rd1 Rc7 25. Rd3 f6 26. Be2 g6 27. Kc1
f5 28. exf5 gxf5 29. Rh3 Kf8 30. Rb3 Rc5 31. g3 d5 32. Bxc4 dxc4 33. Re3 Ke7
34. Kd2 b4 35. axb4 axb4 36. h3 h5 37. Ke2 Kf6 38. b3 cxb3 39. cxb3 e5 40.
fxe5+ Rxe5 41. Rxe5 Kxe5 42. Ke3 Kd5 43. Kd3 Ke5 44. Ke3 Kd5 45. Kf4 Kd4 46.
Kxf5 Kc3 47. g4 hxg4 48. hxg4 Kxb3 49. g5 Ka3 50. g6 b3 51. g7 b2 52. g8=Q
b1=Q+ 1/2-1/2

[Event "M.Chigorin Memorial 2014"]
[Site "St. Petersburg"]
[Date "2014.10.26"]
[Round "9.165"]
[White "Zhivotovskaya, Asya"]
[Black "Dushin, Nikolay"]
[Result "0-1"]
[WhiteElo "1775"]
[BlackElo "1947"]
[PlyCount "127"]
[EventDate "2014.10.18"]

1. c4 e6 2. Nc3 d5 3. cxd5 exd5 4. d4 c6 5. Nf3 Bd6 6. g3 Bf5 7. Bg2 Ne7 8. O-O
Nd7 9. e4 dxe4 10. Ng5 O-O 11. Ngxe4 Nb6 12. Nc5 Qc7 13. Qb3 Rfd8 14. N3e4 Ned5
15. Bg5 Be7 16. Bxe7 Qxe7 17. Rfe1 Qc7 18. Rad1 Rab8 19. Nc3 Nf6 20. Re5 Bg6
21. f4 h5 22. Rg5 Bh7 23. Bf3 h4 24. Kg2 Re8 25. Re5 hxg3 26. hxg3 Nc8 27. N3e4
Nd6 28. Nxf6+ gxf6 29. Rxe8+ Rxe8 30. Qc3 Qe7 31. Kf2 b6 32. Nb3 Ne4+ 33. Bxe4
Bxe4 34. Re1 Qd7 35. Qe3 Qh3 36. Rg1 Qh2+ 37. Ke1 Qxb2 38. Nd2 Qxa2 39. Nxe4
Qb1+ 40. Kd2 Qxe4 41. Qxe4 Rxe4 42. Kd3 Re7 43. Rc1 Rc7 44. d5 c5 45. Kc4 Rd7
46. Rd1 Rd6 47. Kb5 Kf8 48. Ka6 Ke8 49. Kxa7 b5 50. Kb7 Kd7 51. g4 b4 52. Rd3
Kd8 53. f5 Kd7 54. Kb8 c4 55. Rd4 b3 56. Rxc4 Rb6+ 57. Ka7 b2 58. Kxb6 b1=Q+
59. Kc5 Qb8 60. Kd4 Qe5+ 61. Kd3 Kd6 62. Re4 Qg3+ 63. Kd4 Qb3 64. Rf4 0-1

[Event "M.Chigorin Memorial 2014"]
[Site "St. Petersburg"]
[Date "2014.10.26"]
[Round "9.166"]
[White "Kiselev, Viktor"]
[Black "Gantsevich, Aleksey A"]
[Result "1-0"]
[WhiteElo "1876"]
[BlackElo "1766"]
[PlyCount "111"]
[EventDate "2014.10.18"]

1. e4 c5 2. Nf3 d6 3. Bc4 Nf6 4. Nc3 a6 5. a4 e6 6. e5 dxe5 7. Nxe5 Nbd7 8. Nf3
Be7 9. O-O O-O 10. d3 b6 11. Bf4 Bb7 12. Re1 Re8 13. Ne4 Nd5 14. Bg3 N7f6 15.
c3 Rc8 16. Ne5 Nxe4 17. dxe4 Nf6 18. Qc2 Bd6 19. Rad1 Qc7 20. Rxd6 Qxd6 21.
Nxf7 Qe7 22. Nd6 Rcd8 23. Nxe8 Nxe8 24. f3 Qd7 25. Kf1 b5 26. axb5 axb5 27. Be2
Bc6 28. Rd1 Qe7 29. Rxd8 Qxd8 30. Kf2 c4 31. Qd1 Qxd1 32. Bxd1 Nf6 33. b4 Nd7
34. Ke3 Kf7 35. f4 g6 36. Bf2 Nf6 37. Bf3 Nd7 38. g4 Nb6 39. h4 Nd7 40. Kd4 Ke7
41. g5 Kf7 42. Bg4 Ke7 43. Bg3 Kf7 44. f5 exf5 45. exf5 gxf5 46. Bxf5 Kg7 47.
Bf4 Kg8 48. h5 Kg7 49. Bd6 h6 50. g6 Kf6 51. Bg4 Kg7 52. Be6 Kf6 53. Bf7 Bf3
54. Bf4 Kg7 55. Be8 Bc6 56. Be3 1-0

[Event "M.Chigorin Memorial 2014"]
[Site "St. Petersburg"]
[Date "2014.10.26"]
[Round "9.167"]
[White "Hyoetylae, Tapio"]
[Black "Pitkanen, Juhani"]
[Result "1/2-1/2"]
[WhiteElo "1840"]
[BlackElo "1736"]
[PlyCount "59"]
[EventDate "2014.10.18"]

1. d4 Nf6 2. c4 g6 3. Nc3 Bg7 4. e4 d6 5. Bd3 O-O 6. Nge2 Nc6 7. O-O Nd7 8. Bc2
e5 9. d5 Nd4 10. Nxd4 exd4 11. Nb5 Ne5 12. Nxd4 Nxc4 13. Rb1 Re8 14. b3 Ne5 15.
Bb2 Nd7 16. Ne2 Bxb2 17. Rxb2 Qf6 18. Qd4 a6 19. Qxf6 Nxf6 20. Ng3 Kg7 21. Rd1
Bd7 22. Bd3 Re7 23. f3 Rc8 24. Rc2 Be8 25. Rdc1 Ng8 26. Nf1 Nh6 27. Ng3 Ng8 28.
Nf1 Nh6 29. Ng3 Ng8 30. Nf1 1/2-1/2

[Event "M.Chigorin Memorial 2014"]
[Site "St. Petersburg"]
[Date "2014.10.26"]
[Round "9.169"]
[White "Shinkevich, Maksim"]
[Black "Gantsevich, Dmitry"]
[Result "0-1"]
[WhiteElo "1825"]
[BlackElo "1698"]
[PlyCount "126"]
[EventDate "2014.10.18"]

1. d4 Nf6 2. c4 g6 3. Nc3 Bg7 4. e4 d6 5. Be2 O-O 6. Bg5 Na6 7. Qd2 e5 8. d5
Qe8 9. f3 Nh5 10. g4 Nf4 11. Bh4 Ng2+ 12. Kf2 Nxh4 13. Kg3 g5 14. Qxg5 Ng6 15.
Qd2 Nf4 16. h4 Nc5 17. Bf1 Qe7 18. Nh3 Nxh3 19. Bxh3 Qf6 20. Ne2 h5 21. g5 Qg6
22. Bg2 f6 23. b4 Nd7 24. Bh3 Nb6 25. c5 Nc4 26. Qd3 Bxh3 27. Rxh3 b5 28. cxb6
Nxb6 29. Rg1 f5 30. Kh2 fxe4 31. fxe4 Rf2+ 32. Rg2 Raf8 33. Qe3 Rxg2+ 34. Kxg2
Qf7 35. Ng3 Qf4 36. Nf5 Qxe3 37. Rxe3 Nxd5 38. Ra3 Nf4+ 39. Kf3 Ra8 40. Rc3 Ne6
41. Ke3 a5 42. a3 axb4 43. axb4 Kf7 44. Kd3 Bf8 45. Kc4 Be7 46. Kd5 Nf4+ 47.
Kc6 Bd8 48. Kd7 Ng6 49. b5 Nf8+ 50. Kc6 Rb8 51. Rf3 Rb6+ 52. Kd5 Rxb5+ 53. Kc4
Rc5+ 54. Kb4 Kg6 55. Nxd6 cxd6 56. Rxf8 Be7 57. Rh8 Rc1 58. Rh6+ Kg7 59. Rxh5
d5+ 60. Kb3 d4 61. g6 d3 62. Rxe5 d2 63. Rxe7+ Kf6 0-1

[Event "M.Chigorin Memorial 2014"]
[Site "St. Petersburg"]
[Date "2014.10.26"]
[Round "9.170"]
[White "Sapegin, Yaroslav"]
[Black "Zilbershtein, Victor"]
[Result "1-0"]
[WhiteElo "1587"]
[BlackElo "1818"]
[PlyCount "75"]
[EventDate "2014.10.18"]

1. d4 Nf6 2. Bg5 Ne4 3. Bh4 d5 4. Nd2 Bf5 5. e3 Nxd2 6. Qxd2 Nc6 7. c3 a6 8.
Bd3 Qd7 9. Nf3 f6 10. O-O-O Na5 11. Rhe1 Be4 12. Qc2 Bxd3 13. Qxd3 e6 14. e4 c6
15. exd5 Qxd5 16. Rxe6+ Kd7 17. Rde1 Nc4 18. R6e2 g5 19. Bg3 g4 20. Nh4 Bh6+
21. Kb1 Bf8 22. Qf5+ Qxf5+ 23. Nxf5 h5 24. Kc2 c5 25. dxc5 Bxc5 26. Rd1+ Kc6
27. Re6+ Kb5 28. a4+ Ka5 29. b4+ Bxb4 30. cxb4+ Kxb4 31. Rd4 b5 32. axb5 axb5
33. Bd6+ Ka5 34. Kb3 Nxd6 35. Nxd6 Ra7 36. Rd5 Rc7 37. Rxb5+ Ka6 38. Re4 1-0

[Event "M.Chigorin Memorial 2014"]
[Site "St. Petersburg"]
[Date "2014.10.26"]
[Round "9.171"]
[White "Kapitsa, Artem"]
[Black "Morozov, Boris"]
[Result "0-1"]
[WhiteElo "1443"]
[BlackElo "1805"]
[PlyCount "76"]
[EventDate "2014.10.18"]

1. d4 Nf6 2. c4 g6 3. Nc3 Bg7 4. e4 O-O 5. Be2 d6 6. Nf3 e5 7. dxe5 dxe5 8. O-O
c6 9. Bg5 h6 10. Bh4 Qc7 11. Bg3 Nh5 12. Qc2 Nxg3 13. fxg3 Be6 14. b3 Nd7 15.
Rad1 Rad8 16. Rd2 Nf6 17. Rfd1 Qb6+ 18. Kh1 Ng4 19. Bd3 Ne3 20. Qc1 Nxd1 21.
Qxd1 Qe3 22. Bc2 Rxd2 23. Qxd2 Qxd2 24. Nxd2 Rd8 25. Nf3 f5 26. h3 Kf7 27. Kg1
Kf6 28. Kf2 Bf8 29. Ke2 h5 30. Nh4 Bb4 31. Nb1 b5 32. exf5 gxf5 33. cxb5 cxb5
34. Nf3 Rg8 35. a3 Bd6 36. Nc3 a6 37. a4 Rc8 38. Kd2 Bb4 0-1

[Event "M.Chigorin Memorial 2014"]
[Site "St. Petersburg"]
[Date "2014.10.26"]
[Round "9.173"]
[White "Shadunts, Kirill"]
[Black "Akhmetshin, Aydar"]
[Result "1/2-1/2"]
[WhiteElo "1696"]
[BlackElo "1609"]
[PlyCount "81"]
[EventDate "2014.10.18"]

1. d4 Nf6 2. c4 c5 3. d5 b5 4. cxb5 a6 5. bxa6 g6 6. Nc3 Bxa6 7. g3 d6 8. Bg2
Bg7 9. Nf3 Nbd7 10. O-O Nb6 11. Re1 O-O 12. e4 Nfd7 13. Qc2 Qc7 14. Rd1 Rfb8
15. Rb1 Ra7 16. Bg5 Ne5 17. Nxe5 Bxe5 18. Bd2 Nc4 19. Bf1 Rab7 20. Bxc4 Bxc4
21. b3 Ba6 22. Na4 Bb5 23. Nc3 Bd7 24. Na4 Qc8 25. Re1 Bg4 26. Bc3 Bf3 27. Re3
Bxc3 28. Qxc3 Bg4 29. Rc1 Bd7 30. Nb2 Ra7 31. Ra1 Rba8 32. a4 Rb8 33. Nc4 Rb4
34. Nd2 Qb8 35. Qc2 Rab7 36. Ra3 e6 37. dxe6 Bxe6 38. Rc3 Kg7 39. Re3 Kg8 40.
Rc3 Kg7 41. Re3 1/2-1/2

[Event "M.Chigorin Memorial 2014"]
[Site "St. Petersburg"]
[Date "2014.10.26"]
[Round "9.174"]
[White "Shapianov, Adam"]
[Black "Zvereva, Svetlana"]
[Result "1/2-1/2"]
[WhiteElo "1807"]
[BlackElo "1657"]
[PlyCount "103"]
[EventDate "2014.10.18"]

1. e4 e5 2. Nf3 Nc6 3. Bb5 a6 4. Ba4 d6 5. O-O Nf6 6. c3 Be7 7. d4 b5 8. Bb3
O-O 9. h3 exd4 10. cxd4 Bb7 11. Re1 Na5 12. Bc2 d5 13. e5 Ne4 14. Nbd2 Nxd2 15.
Qxd2 Nc4 16. Qd3 g6 17. b3 Nb6 18. Bh6 Re8 19. e6 fxe6 20. Rxe6 Bf6 21. Qe2 Qd7
22. Re1 Qxe6 23. Qxe6+ Rxe6 24. Rxe6 Kf7 25. Re2 Re8 26. Rxe8 Kxe8 27. Bf4 Kd8
28. Ng5 Bxg5 29. Bxg5+ Kd7 30. f4 Ke6 31. g4 Kf7 32. Bd8 Na8 33. f5 Bc8 34. Kf2
Ke8 35. fxg6 hxg6 36. Bf6 Kf7 37. Bd8 Ke8 38. Bf6 Kf7 39. Be5 c6 40. Kg3 Nb6
41. Kf4 Nd7 42. Bd6 Nf6 43. Ke5 Nd7+ 44. Kf4 Nf6 45. Be5 Nd7 46. Bc7 Nf8 47.
Be5 Ne6+ 48. Kg3 Bd7 49. h4 Ng7 50. a4 Bc8 51. a5 Bd7 52. Bd1 1/2-1/2

[Event "M.Chigorin Memorial 2014"]
[Site "St. Petersburg"]
[Date "2014.10.26"]
[Round "9.175"]
[White "Pankova, Julia"]
[Black "Shakhmatov, Roman"]
[Result "0-1"]
[WhiteElo "1655"]
[BlackElo "1775"]
[PlyCount "92"]
[EventDate "2014.10.18"]

1. e4 e6 2. d4 d5 3. Nc3 Bb4 4. e5 c5 5. Bd2 Ne7 6. Nb5 Bxd2+ 7. Qxd2 O-O 8. c3
Nbc6 9. Bd3 Bd7 10. Nd6 cxd4 11. cxd4 Qb6 12. Nf3 f6 13. O-O a6 14. Rad1 fxe5
15. Nxe5 Qc7 16. Ndf7 Rxf7 17. Nxf7 Kxf7 18. Qe3 Nf5 19. Bxf5 exf5 20. Qf3 Qd6
21. Rfe1 Rc8 22. h3 Kg8 23. g3 f4 24. g4 Be8 25. Qe2 Bf7 26. Qf3 Qf6 27. Qc3
Qg5 28. Qf3 h5 29. Kh2 Bg6 30. Rg1 Be4 31. Qc3 Ne7 32. Qe1 Qh4 33. Rd2 f3 34.
Rg3 Rc6 35. Qg1 g6 36. a3 Qg5 37. Qe1 Qf4 38. Kh1 hxg4 39. Rxg4 Qh6 40. Kh2 Nf5
41. Qd1 Rc7 42. Qe1 Rh7 43. Qf1 Qxd2 44. Rxg6+ Rg7 45. Rxg7+ Nxg7 46. Kh1 Qxb2
0-1

[Event "M.Chigorin Memorial 2014"]
[Site "St. Petersburg"]
[Date "2014.10.26"]
[Round "9.176"]
[White "Biyachuev, Minkail"]
[Black "Bezobrazov, Lev"]
[Result "0-1"]
[WhiteElo "1527"]
[BlackElo "1579"]
[PlyCount "94"]
[EventDate "2014.10.18"]

1. e4 e5 2. Nf3 Nf6 3. Nxe5 d6 4. Nxf7 Kxf7 5. d4 d5 6. e5 Qe7 7. Nc3 c6 8. Bg5
Bf5 9. Be2 Nbd7 10. exf6 gxf6 11. Bf4 Bg6 12. O-O Bg7 13. Bh5 f5 14. Re1 Qh4
15. Bxg6+ hxg6 16. Bg3 Qxd4 17. Qxd4 Bxd4 18. Rad1 Rae8 19. Rxe8 Rxe8 20. h4
Bg7 21. f3 Nf8 22. Re1 Ne6 23. Nd1 a6 24. Bf2 Rd8 25. Bb6 Rd7 26. Re2 c5 27. b4
cxb4 28. Rd2 d4 29. Ba5 Bf8 30. Rd3 Rd5 31. Bb6 Rb5 32. Ba7 b6 33. Bb8 Rd5 34.
Bg3 Ra5 35. Bf2 Bc5 36. g4 Rxa2 37. c3 Nf4 38. cxb4 Nxd3 39. bxc5 bxc5 40. Kf1
fxg4 41. fxg4 Rd2 42. h5 gxh5 43. gxh5 Rxd1+ 44. Ke2 Nxf2 45. h6 d3+ 46. Kxf2
c4 47. h7 Kg7 0-1